LIBRARY & INFORMATION CENTRE, KCAET, TAVANUR

ONLINE PUBLIC ACCESS CATALOGUE (OPAC)

Accounting and finance for managers in tropical agriculture / (Record no. 2689)

MARC details
000 -LEADER
fixed length control field 00448cam a2200169ua 4500
020 ## - INTERNATIONAL STANDARD BOOK NUMBER
ISBN 0 582 77502 7
041 ## - LANGUAGE CODE
Language code of text/sound track or separate title eng
082 ## - DEWEY DECIMAL CLASSIFICATION NUMBER
Classification number 630.33
Item number DAV/AC
100 ## - MAIN ENTRY--AUTHOR NAME
Personal name David N, Coy .
245 ## - TITLE STATEMENT
Title Accounting and finance for managers in tropical agriculture /
260 ## - PUBLICATION, DISTRIBUTION, ETC. (IMPRINT)
Place of publication London :
Name of publisher Longman ,
Year of publication 1982.
300 ## - PHYSICAL DESCRIPTION
Number of Pages 118 ; .
942 ## - ADDED ENTRY ELEMENTS (KOHA)
Koha item type Books
Holdings
Withdrawn status Lost status Damaged status Home library Current library Date acquired Full call number Accession Number Koha item type
      KAUAET KAUAET 27/03/1987 630.33 16246 Books
free website counter